=LDR 00000nam 2200000 4500 =001 INLIS000000001052400 =005 20240829074247 =035 ##$$a 0010-0824000218 =007 ta =008 240829################b##########0###### =020 ##$$a 978-89-6329-603-6 =082 ##$$a 028.55 =084 ##$$a 028.55 BON l =100 #$$a Bong Hyeon-ju =245 1#$$a Lubang macam apa ini? /$c Bong Hyeon-ju =260 ##$$a Tolstoy Korea :$b Gyeonggi-do =300 ##$$a 31 hlm : $b ilus ; $c 21,5 x 26 cm =650 #4$$a Bacaan Kanak-kanak =990 ##$$a 17861786